000 00852nam a2200265Ia 4500
003 OSt
005 20221005105817.0
006 a|||||r|||| 00| 0
007 ta
008 221004b |||||||| |||| 00| 0 hin d
020 _a8186480293
024 _a22613
037 _cTextual
040 _aCRL
_cCRL
_bhin
041 _2hin
_ahin
082 _aO152,1NSAx, N8
100 _aसातले, अरूण
245 0 _aअरूण सातले की कविताएॅं
246 _aArūṇ sātale kī kavitāeॅan
260 _aनई दिल्ली
_bसार्थक प्रकाशन भारत
_c1998
300 _a76पृ0
_ccm.
650 _aहिन्दी साहित्य
942 _hO152,1NSAx, N8
_cTEXL
_2cc
999 _c1016964
_d1016964